00863nam a2200265 a 4500001001000000003000500010005001700015008004100032010001100073011001100084020001500095040000900110082002000119100003000139245018800169260003700357300001100394490003600405504002700441650002700468650002500495650002200520700002900542700002600571000110003CHAP20220329144113.0140619s1987 mx |r| |||0|||spa d a106465 a107437 a9684961162 cCHAP04a333.730972bM1500aMacías, Jesús Manuel.10aEspacios campesinos y expansion del capital :bestudio de comunidades ejidales en la Huasteca Veracruzana /cpor Jesús Manuel Macias, Blanca Díaz Torres y Lourdes Alvarez Fragoso. aMéxico, D.F. :bCIESAS,c1987. a106 p.0 aCuadernos de la casa chatav148 aincluye bibliografía14aCampesinadoxVeracruz.14aComunidades rurales.14aEjidosxVeracruz.1 aAlvarez Fragoso, Lourdes1 aDíaz Torres, Blanca